| Tag |
First Indicator |
Second Indicator |
Subfields |
| LEADER |
00000cam a2200000 a 4500 |
| 001 |
in00000014597 |
| 005 |
20151007052242.0 |
| 008 |
871125s1988 waua 001 0 eng |
| 010 |
|
|
|a 87031579
|
| 015 |
|
|
|a GB88-66460
|
| 019 |
|
|
|a 17204871
|a 18947968
|
| 020 |
|
|
|a 1556151179 (pbk.) :
|c $19.95
|
| 035 |
|
|
|a (OCoLC)ocm17234076
|
| 035 |
|
|
|a (OCoLC)17234076
|
| 035 |
|
|
|9 AAA6970AM
|
| 040 |
|
|
|a DLC
|c DLC
|d UKM
|d UtOrBLW
|
| 049 |
|
|
|a TXAM
|
| 050 |
0 |
0 |
|a QA76.76.O63
|b L48 1988
|
| 082 |
0 |
0 |
|a 005.4/46
|2 19
|
| 100 |
1 |
|
|a Letwin, Gordon.
|
| 245 |
1 |
0 |
|a Inside OS/2 /
|c Gordon Letwin ; foreward by Bill Gates.
|
| 264 |
|
1 |
|a Redmond, Wash. :
|b Microsoft Press,
|c [1988]
|
| 264 |
|
4 |
|c ©1988
|
| 300 |
|
|
|a xiv, 289 pages :
|b illustrations ;
|c 24 cm.
|
| 336 |
|
|
|a text
|b txt
|2 rdacontent
|
| 337 |
|
|
|a unmediated
|b n
|2 rdamedia
|
| 338 |
|
|
|a volume
|b nc
|2 rdacarrier
|
| 500 |
|
|
|a Includes index.
|
| 630 |
0 |
0 |
|a OS/2 (Computer file)
|
| 653 |
|
|
|a Computer systems
|a Operating systems: OS/2
|
| 740 |
0 |
|
|a Inside OS/Two.
|
| 994 |
|
|
|a E0
|b TXA
|
| 999 |
|
|
|a MARS
|
| 999 |
f |
f |
|s 76ae6689-dad4-3c65-87ba-568df609ed20
|i 0ae5755b-9039-3a55-bd7c-c21651063679
|t 0
|
| 952 |
f |
f |
|p ric
|a Texas A&M University
|b Rellis Campus
|c Joint Library Facility
|d Remote Storage
|t 0
|e QA76.76.O63 L48 1988
|h Library of Congress classification
|i unmediated -- volume
|m A14811062004
|
| 998 |
f |
f |
|a QA76.76.O63 L48 1988
|t 0
|l Remote Storage
|